| 000 | 01224cam a22003134a 4500 | ||
|---|---|---|---|
| 001 | 92452 | ||
| 005 | 20230410123438.0 | ||
| 008 | 080505s2009 nyu b 001 0 eng | ||
| 010 | _a 2008020242 | ||
| 035 | _a(OCoLC)ocn227192075 | ||
| 020 | _a9780071598224 (pbk. : acid-free paper) | ||
| 020 | _a0071598227 (acid-free paper) | ||
| 035 |
_a(OCoLC)227192075 _z(OCoLC)225873689 _z(OCoLC)317759505 |
||
| 050 | 1 | 4 |
_aKF 285 _bB667p 2009 |
| 082 | 0 | 0 | _a340.071 |
| 100 | 1 |
_aBodine, Paul, _d1959- |
|
| 245 | 1 | 0 |
_aPerfect phrases for law school acceptance : _bhundreds of ready-to-use phrases to write a winning personal statement, ace the interview, and impress admissions officers / _cPaul Bodine. |
| 260 |
_aNew York : _bMcGraw-Hill, _c2009. |
||
| 300 |
_axv, 221 p. ; _c21 cm. |
||
| 504 | _aIncludes bibliographical references (p. 221). | ||
| 650 | 0 |
_aLaw schools _zUnited States _xAdmission. |
|
| 650 | 0 |
_aEssay _xAuthorship. |
|
| 650 | 0 |
_aCollege applications _zUnited States. |
|
| 856 | 4 | 1 |
_3Table of contents only _uhttp://www.loc.gov/catdir/toc/ecip0818/2008020242.html |
| 938 |
_aBaker & Taylor _bBKTY _c9.95 _d7.46 _i0071598227 _n0007756012 _sactive |
||
| 942 |
_2lcc _cbk |
||
| 946 | _amfcruz | ||
| 994 |
_aC0 _bDRFGD |
||
| 999 |
_c61563 _d61563 |
||